000 00888nam a2200277 i 4500
001 34729
003 BD-RjUL
005 20211209052213.0
008 140519s1976 cau b 000 0 eng
020 _a0876200714 :
035 _a(BD-RjUL)34823
040 _aDLC
_cDLC
_dDLC
_dBD-RjUL
_beng
041 _aeng
082 0 0 _a309.173092
_bWEA 1976
100 _a Wells, Alan
_9105662
245 0 0 _aAmerican society :
_bproblems & dilemmas /
_c Alan Wells.
260 _aPacific Palisades, Calif. :
_bGoodyear Pub. Co.,
_cc1976.
300 _aviii, 391 p. ;
_c23 cm.
504 _aIncludes bibliographies.
651 0 _aUnited States
_xSocial conditions
_y1960-1980.
_96749
651 0 _aUnited States
_xEconomic conditions
_y1971-1981.
_935065
651 0 _aUnited States
_xPolitics and government
_y1969-1974.
_9105663
942 _2ddc
_cBK
999 _c34729
_d34729